[Event "Graz Casino Open 2014"]
[Site "Graz AUT"]
[Date "2014.02.16"]
[Round "4.30"]
[White "Gaal, Alexander"]
[Black "Dimitriadis, Michael"]
[Result "0-1"]
[WhiteElo "1962"]
[BlackElo "2094"]
[WhiteFideId "1639374"]
[BlackFideId "1614908"]
[EventDate "2014.02.14"]

1. e4 e5 2. Bc4 Nf6 3. Nc3 c6 4. d4 Nxe4 5. Bxf7+ Kxf7 6. Nxe4 exd4 7. Qf3+ Kg8
8. Bg5 Qa5+ 9. Bd2 Qd5 10. Ne2 d6 11. Nf4 Qf5 12. O-O-O Nd7 13. g4 Qf7 14. Kb1
Ne5 15. Qg3 Bxg4 16. Ng5 Qd7 17. f3 Bf5 18. Rhg1 h6 19. Ne4 Kh7 20. Nh5 Qf7 21.
Nf4 Be7 22. h4 g6 23. Rg2 Rhg8 24. Rdg1 Nc4 25. Bc1 d5 26. Nf2 Ne3 27. Bxe3 dxe3
28. N2d3 Bf6 29. Qh2 Rae8 30. h5 g5 31. Ng6 Bxg6 32. hxg6+ Rxg6 33. f4 Rgg8 34.
fxg5 Bxg5 35. Rxg5 Rxg5 36. Rxg5 Qf1+ 37. Nc1 Re7 38. Rg2 d4 39. Qg3 Qf7 40. b3
c5 41. Nd3 b6 42. Qg4 Qe6 43. Qe2 Rf7 44. Ne1 Qf5 45. Kc1 Qf1 46. Kd1 Qxe2+ 47.
Kxe2 h5 48. Nf3 Kh6 49. a4 Rf4 50. Ne5 h4 51. Nf3 a6 52. Rg8 Kh7 53. Rg5 Kh6 54.
Re5 h3 55. Re6+ Kg7 56. Rxb6 h2 57. Nxh2 Rf2+ 58. Kd3 Rd2+ 59. Ke4 Rxh2 60. Kf3
Rf2+ 61. Kg3 Rxc2 62. Rxa6 e2 63. Kf2 d3 64. Rd6 Rd2 65. a5 Rd1 66. Re6 Rf1+ 0-1

[Event "Graz Casino Open 2014"]
[Site "Graz AUT"]
[Date "2014.02.16"]
[Round "4.31"]
[White "Aravindh, Chithambaram VR."]
[Black "Neuschmied, Siegfried"]
[Result "1-0"]
[WhiteTitle "FM"]
[BlackTitle "FM"]
[WhiteElo "2381"]
[BlackElo "2212"]
[WhiteFideId "5072786"]
[BlackFideId "1602446"]
[EventDate "2014.02.14"]

1. e4 c6 2. d4 d5 3. e5 Bf5 4. Nf3 e6 5. Be2 Nd7 6. O-O Ne7 7. Nbd2 c5 8. c4
dxc4 9. Nxc4 Nd5 10. Bg5 f6 11. exf6 gxf6 12. Nh4 Bg6 13. Bd2 cxd4 14. Bh5 Rg8
15. Re1 Kf7 16. Qf3 Rc8 17. Bg4 Nc7 18. Qxb7 Nc5 19. Qf3 Qd5 20. Ne5+ Ke7 21.
Nhxg6+ hxg6 22. Nc6+ Kd7 23. Qxd5+ Nxd5 24. Nxd4 f5 25. Bf3 Bg7 26. Nxe6 1-0

[Event "Graz Casino Open 2014"]
[Site "Graz AUT"]
[Date "2014.02.16"]
[Round "4.43"]
[White "Huber, Martin Christian"]
[Black "Handler, Lukas"]
[Result "1/2-1/2"]
[BlackTitle "FM"]
[WhiteElo "2232"]
[BlackElo "2398"]
[WhiteFideId "1623435"]
[BlackFideId "1609580"]
[EventDate "2014.02.14"]

1. Nf3 d6 2. d4 g6 3. c4 Bg7 4. e4 e5 5. Be3 exd4 6. Bxd4 Nf6 7. Bd3 Nc6 8. Bc3
O-O 9. O-O Re8 10. Re1 Bg4 11. h3 Bxf3 12. Qxf3 Ne5 13. Qd1 Nxd3 14. Qxd3 Qe7
15. Nd2 Nd7 16. Bxg7 Kxg7 17. Qc3+ Qe5 18. Rac1 Re7 19. Nf3 Qxc3 20. Rxc3 Rae8
21. Rce3 a5 22. Kf1 Nc5 23. e5 dxe5 24. Rxe5 Rxe5 25. Nxe5 Rd8 26. Nf3 Kf8 27.
Re2 Rd1+ 28. Re1 Rd6 29. Re2 Na4 30. Ke1 Rb6 31. b3 Nc3 32. Rc2 Ne4 33. Nd4 Nc5
34. Nb5 c6 35. Nd4 a4 36. Rc3 f5 37. Re3 Kf7 38. Ke2 axb3 39. axb3 Ra6 40. Kf3
Ne4 41. g4 c5 42. Nb5 Ra2 43. Re2 Ng5+ 44. Ke3 Rxe2+ 45. Kxe2 Nxh3 46. gxf5 gxf5
47. Nd6+ Kf6 48. Nxb7 Nf4+ 49. Ke3 Ne6 50. Nd6 h5 51. f4 Nd4 52. Nb5 Nxb3 53.
Nc3 Nd4 54. Kf2 Kg6 55. Kg3 Kh6 56. Kh3 Nf3 57. Na4 Ng1+ 58. Kg2 Ne2 59. Nxc5
Nxf4+ 60. Kf3 Kg5 61. Nd7 Ne6 62. c5 Nd4+ 63. Kg2 Nc6 64. Nb6 Kg4 65. Nd5 f4 66.
Nf6+ Kg5 67. Ne4+ Kf5 68. Nd2 Ne7 69. Nf3 Ke4 70. Ng5+ Kd5 71. Kf3 Ng6 72. c6
Kxc6 73. Nh3 Kd6 74. Nxf4 Nxf4 1/2-1/2

[Event "Graz Casino Open 2014"]
[Site "Graz AUT"]
[Date "2014.02.17"]
[Round "5.2"]
[White "Felgaer, Ruben"]
[Black "Melkumyan, Hrant"]
[Result "1/2-1/2"]
[WhiteTitle "GM"]
[BlackTitle "GM"]
[WhiteElo "2569"]
[BlackElo "2589"]
[WhiteFideId "107069"]
[BlackFideId "13302485"]
[EventDate "2014.02.14"]

1. e4 e5 2. Nf3 Nc6 3. Bb5 Nf6 4. O-O Nxe4 5. d4 Nd6 6. Bxc6 dxc6 7. dxe5 Nf5 8.
Qxd8+ Kxd8 9. Nc3 Bd7 10. b3 b6 11. Bb2 Be7 12. Rad1 Kc8 13. Ne2 h5 14. Nf4 Rh6
15. Bc1 Nh4 16. Nxh4 Bxh4 17. Rfe1 Bf5 18. Ne2 Rg6 19. Nf4 Rh6 20. Ne2 Rg6 21.
Nf4 1/2-1/2

[Event "Graz Casino Open 2014"]
[Site "Graz AUT"]
[Date "2014.02.17"]
[Round "5.3"]
[White "Istratescu, Andrei"]
[Black "Haznedaroglu, Kivanc"]
[Result "1-0"]
[WhiteTitle "GM"]
[BlackTitle "GM"]
[WhiteElo "2671"]
[BlackElo "2437"]
[WhiteFideId "1200372"]
[BlackFideId "6300634"]
[EventDate "2014.02.14"]

1. e4 e5 2. Nf3 Nc6 3. Bc4 Nf6 4. Ng5 d5 5. exd5 b5 6. Bf1 h6 7. Nxf7 Kxf7 8.
dxc6 Qd5 9. Qf3 Qxf3 10. gxf3 Rb8 11. Nc3 a6 12. b3 Rb6 13. a4 b4 14. Ne4 Be6
15. Bb2 Rxc6 16. Bd3 Bd6 17. Nxf6 gxf6 18. Rg1 f5 19. O-O-O Bxb3 20. Bxf5 Bxc2
21. Bxc2 b3 22. Bc3 bxc2 23. Kxc2 Rc4 24. Rg4 Rc5 25. Rdg1 h5 26. Rg7+ Ke6 27.
R1g6+ Kf5 28. Kd3 Rf8 29. Rh6 Rf6 30. Rxh5+ Ke6 31. Ke2 Rc4 32. a5 Rcf4 33. Rh3
Kd5 34. Rg5 c6 35. Rg8 Kc4 36. Rg4 Re6 37. Rh7 Bb4 38. Bxb4 Kxb4 39. Ke3 Kxa5
40. Rxf4 exf4+ 41. Kxf4 Kb6 42. h4 a5 43. h5 Re2 44. h6 Rxf2 45. Kg3 Rxd2 46.
Rh8 Rd7 47. Kg4 Kc5 48. Ra8 Kb4 49. f4 c5 50. Rb8+ Ka4 51. Rb1 c4 52. Rh1 Rh7
53. Kg5 c3 54. Kg6 Rh8 55. h7 c2 56. Kg7 Rc8 57. h8=Q Rxh8 58. Kxh8 1-0

[Event "Graz Casino Open 2014"]
[Site "Graz AUT"]
[Date "2014.02.17"]
[Round "5.4"]
[White "Li, Chao b"]
[Black "Berchtenbreiter, Maximilian"]
[Result "1-0"]
[WhiteTitle "GM"]
[BlackTitle "IM"]
[WhiteElo "2697"]
[BlackElo "2421"]
[WhiteFideId "8604436"]
[BlackFideId "24641120"]
[EventDate "2014.02.14"]

1. d4 Nf6 2. c4 a6 3. Nc3 c5 4. dxc5 e6 5. e4 Nc6 6. Be3 Qa5 7. Qa4 Ng4 8. Qxa5
Nxa5 9. Na4 Nxe3 10. fxe3 d6 11. cxd6 Bxd6 12. Rd1 Ke7 13. Nf3 b5 14. cxb5 axb5
15. Bxb5 Nc4 16. Kf2 Rxa4 17. Bxa4 Nxb2 18. Rd4 e5 19. Rxd6 Kxd6 20. Bb5 Be6 21.
Rb1 Nc4 22. Ng5 Ra8 23. a4 Na3 24. Rd1+ Ke7 25. Bc6 Rc8 26. Nxe6 fxe6 27. Rd7+
Kf6 28. Bb7 Rc2+ 29. Kg3 Rc5 30. Rd3 Nb1 31. Rb3 Nd2 32. Rb2 Nf1+ 33. Kf2 Nxh2
34. Ra2 Ng4+ 35. Kf3 Kg5 36. a5 Rc7 37. Ba6 Rf7+ 38. Kg3 h5 39. Be2 h4+ 40. Kh3
Nf2+ 41. Kh2 Nxe4 42. a6 Ra7 43. Rb2 Nf6 44. Rb7 Rxb7 45. axb7 Nd7 46. Kh3 Kf5
47. Bd3+ Kg5 48. Be4 Nb8 49. Bf3 Na6 50. Bg4 Nb8 51. Bxe6 Kf6 52. Bd5 g5 53. Kg4
Nd7 54. Be4 Nb8 55. Bd3 Nc6 56. Kh5 Nb8 57. e4 Nc6 58. Bc4 Nb8 59. Bb5 1-0

[Event "Graz Casino Open 2014"]
[Site "Graz AUT"]
[Date "2014.02.17"]
[Round "5.5"]
[White "Santiago, Yago De Moura"]
[Black "Bachmann, Axel"]
[Result "0-1"]
[WhiteTitle "IM"]
[BlackTitle "GM"]
[WhiteElo "2451"]
[BlackElo "2577"]
[WhiteFideId "2103877"]
[BlackFideId "3700488"]
[EventDate "2014.02.14"]

1. d4 d5 2. c4 e6 3. Nc3 c6 4. e3 Bd6 5. Nf3 f5 6. Qc2 Nf6 7. h3 O-O 8. Bd2 Ne4
9. Bd3 Nd7 10. g4 Ndf6 11. Rg1 Nxd2 12. Nxd2 Ne4 13. gxf5 exf5 14. cxd5 Nxc3 15.
Qxc3 cxd5 16. Qb3 Qa5 17. Ke2 Kh8 18. Nb1 f4 19. Nc3 Be6 20. Rg5 fxe3 21. fxe3
Rf7 22. Rh5 h6 23. Rg1 Raf8 24. Nd1 Qc7 25. Qc3 Qe7 26. Qe1 Rf3 27. Rg6 Rxh3 28.
Rxh3 Bxh3 29. Nf2 Bf5 30. Bxf5 Rxf5 31. Ng4 Kh7 0-1

[Event "Graz Casino Open 2014"]
[Site "Graz AUT"]
[Date "2014.02.17"]
[Round "5.6"]
[White "Freitag, Manfred"]
[Black "Can, Emre"]
[Result "0-1"]
[WhiteTitle "IM"]
[BlackTitle "GM"]
[WhiteElo "2395"]
[BlackElo "2520"]
[WhiteFideId "1602004"]
[BlackFideId "6302181"]
[EventDate "2014.02.14"]

1. d4 Nf6 2. c4 e6 3. Nc3 Bb4 4. Qc2 O-O 5. a3 Bxc3+ 6. Qxc3 b6 7. Nf3 Bb7 8. e3
d6 9. Be2 Nbd7 10. O-O Ne4 11. Qc2 f5 12. b4 Rf6 13. d5 Rg6 14. Bb2 c5 15. dxc6
Bxc6 16. g3 e5 17. Rfd1 Qe7 18. c5 bxc5 19. Bc4+ Kh8 20. Bd5 Bxd5 21. Rxd5 Ndf6
22. Rdd1 Ng4 23. Rf1 Rf8 24. Qe2 Rh6 25. bxc5 Nxc5 26. Rab1 Ne4 27. Kg2 Qf7 28.
Nh4 g5 29. f3 gxh4 30. fxe4 hxg3 31. h3 Rxh3 32. Kxh3 Qh5+ 33. Kxg3 Rg8 0-1

[Event "Graz Casino Open 2014"]
[Site "Graz AUT"]
[Date "2014.02.17"]
[Round "5.7"]
[White "Kozul, Zdenko"]
[Black "Perhinig, Robert"]
[Result "1-0"]
[WhiteTitle "GM"]
[BlackTitle "FM"]
[WhiteElo "2588"]
[BlackElo "2273"]
[WhiteFideId "14502879"]
[BlackFideId "1602888"]
[EventDate "2014.02.14"]

1. d4 Nf6 2. Nf3 g6 3. c4 Bg7 4. Nc3 d5 5. Qa4+ c6 6. cxd5 Nxd5 7. e4 Nxc3 8.
bxc3 O-O 9. Qa3 Qd6 10. h4 c5 11. e5 Qd5 12. h5 Bg4 13. h6 Bh8 14. Be3 cxd4 15.
cxd4 Bxf3 16. gxf3 Nc6 17. Rh4 Qxf3 18. Rc1 Rad8 19. Qb3 e6 20. Rf4 Nxd4 21.
Rxd4 Bxe5 22. Rd3 Rc8 23. Rxc8 Rxc8 24. Qc4 Qc6 25. Qxc6 bxc6 26. Bxa7 Kf8 27.
Bc5+ Ke8 28. Bg2 1-0

[Event "Graz Casino Open 2014"]
[Site "Graz AUT"]
[Date "2014.02.17"]
[Round "5.8"]
[White "Schreiner, Peter"]
[Black "Sadilek, Peter"]
[Result "1/2-1/2"]
[WhiteTitle "IM"]
[BlackTitle "FM"]
[WhiteElo "2487"]
[BlackElo "2244"]
[WhiteFideId "1621645"]
[BlackFideId "1616439"]
[EventDate "2014.02.14"]

1. Nf3 Nf6 2. c4 e6 3. g3 d5 4. Bg2 Be7 5. O-O O-O 6. d4 Nbd7 7. Qc2 c6 8. Rd1
b6 9. Bf4 Bb7 10. Ne5 Nh5 11. Bc1 Nhf6 12. cxd5 cxd5 13. Nc6 Bxc6 14. Qxc6 Qb8
15. Qb5 Rc8 16. Nc3 a6 17. Qd3 b5 18. Bf4 Qb7 19. e4 dxe4 20. Nxe4 Nd5 21. Bd6
N7b6 22. Nc5 Qa7 23. Bxe7 Qxe7 24. a4 bxa4 25. Nxa4 Qb4 26. Nc5 a5 27. b3 h6 28.
h4 Rd8 29. Rdc1 Ra7 30. Na6 Qd6 31. Nc5 Na8 32. Qd2 Qb6 33. Ra4 Nac7 34. Rca1
Nb4 35. Qb2 1/2-1/2

[Event "Graz Casino Open 2014"]
[Site "Graz AUT"]
[Date "2014.02.17"]
[Round "5.9"]
[White "Froewis, Georg"]
[Black "Aschenbrenner, Robert"]
[Result "1/2-1/2"]
[WhiteTitle "IM"]
[BlackTitle "FM"]
[WhiteElo "2437"]
[BlackElo "2265"]
[WhiteFideId "1618423"]
[BlackFideId "1608797"]
[EventDate "2014.02.14"]

1. g3 Nf6 2. Bg2 d5 3. c4 c6 4. Nf3 Bf5 5. cxd5 cxd5 6. d3 Nc6 7. O-O e5 8. Bg5
Be7 9. Nfd2 Be6 10. Nc3 Ng8 11. Bxe7 Ngxe7 12. Nb3 d4 13. Ne4 Bd5 14. Rc1 1/2-1/2

[Event "Graz Casino Open 2014"]
[Site "Graz AUT"]
[Date "2014.02.17"]
[Round "5.10"]
[White "Handler, Lukas"]
[Black "Bjerke, Silje"]
[Result "0-1"]
[WhiteTitle "FM"]
[BlackTitle "WIM"]
[WhiteElo "2398"]
[BlackElo "2181"]
[WhiteFideId "1609580"]
[BlackFideId "1502786"]
[EventDate "2014.02.14"]

1. Nf3 Nc6 2. d4 d5 3. g3 Bg4 4. Bg2 Qd7 5. O-O O-O-O 6. c4 dxc4 7. Qa4 Kb8 8.
Qxc4 Bxf3 9. exf3 Nxd4 10. Nc3 e5 11. f4 f6 12. Rd1 Ne7 13. fxe5 fxe5 14. f4
Nec6 15. Be3 Qg4 16. Kh1 Bd6 17. Nb5 Qe2 18. Nxd6 cxd6 19. Qxe2 Nxe2 20. Bxc6
bxc6 21. Rd2 Nd4 22. Bxd4 exd4 23. Rxd4 Rhe8 24. Rd2 d5 25. Rc1 Kb7 26. Kg2 Kb6
27. Kf3 Rd6 28. Rd3 d4 29. Rc4 c5 30. Rb3+ Kc6 31. Ra4 Rd7 32. Rba3 Ree7 33. Rd3
Kd5 34. b3 Rd6 35. Rd2 Rde6 36. Kf2 Re3 37. b4 c4 38. Ra5+ Ke4 39. Rc5 c3 40.
Rd1 Rf3+ 41. Kg2 Rd3 42. Re1+ Re3 43. Rd1 Re2+ 44. Kf1 Kf3 45. Rd3+ R7e3 0-1

[Event "Graz Casino Open 2014"]
[Site "Graz AUT"]
[Date "2014.02.17"]
[Round "5.11"]
[White "Martinez Reyes, Pedro Ramon"]
[Black "Baldauf, Marco"]
[Result "0-1"]
[WhiteTitle "CM"]
[BlackTitle "FM"]
[WhiteElo "2266"]
[BlackElo "2396"]
[WhiteFideId "3901807"]
[BlackFideId "4688210"]
[EventDate "2014.02.14"]

1. e4 e5 2. Nf3 Nc6 3. Bb5 Nf6 4. O-O Nxe4 5. Qe2 Nd6 6. Bxc6 dxc6 7. Qxe5+ Qe7
8. Qa5 Qd8 9. Qe5+ Qe7 10. Qa5 Be6 11. Re1 g6 12. Ng5 Bg7 13. d3 O-O 14. Nc3 Qd7
15. Nxe6 fxe6 16. Qa4 Rf5 17. Be3 a5 18. Qg4 Nb5 19. Ne4 Bxb2 20. Rab1 Bg7 21.
a4 Nd6 22. Ng3 Rf7 23. h4 e5 24. Qxd7 Rxd7 25. c4 b6 26. c5 bxc5 27. Rec1 Nf5
28. Nxf5 gxf5 29. Rxc5 Ra6 30. Bd2 Rxd3 31. Rxa5 Rxa5 32. Bxa5 Ra3 33. Rb4 Bf8
34. Rb8 Ra1+ 35. Kh2 Rxa4 36. Bxc7 Rxh4+ 37. Kg1 Kf7 38. Bxe5 Re4 39. f4 Bc5+
40. Kh2 Bd4 41. Rc8 Bxe5 42. fxe5 Rc4 43. Kg3 Ke6 44. Re8+ Kd5 45. Kf3 Re4 46.
Rh8 c5 47. Rxh7 c4 48. Rc7 Kd4 49. Rd7+ Kxe5 50. Rd8 Rd4 51. Re8+ Kd6 52. Rd8+
Kc5 53. Rc8+ Kb4 54. Rb8+ Kc3 55. Rb5 f4 56. g4 fxg3 57. Kxg3 Re4 58. Kf3 Re8 0-1

[Event "Graz Casino Open 2014"]
[Site "Graz AUT"]
[Date "2014.02.17"]
[Round "5.12"]
[White "Bachler, Reinhard"]
[Black "Ohme, Melanie"]
[Result "0-1"]
[BlackTitle "WGM"]
[WhiteElo "2205"]
[BlackElo "2330"]
[WhiteFideId "1600273"]
[BlackFideId "4690745"]
[EventDate "2014.02.14"]

1. f4 g6 2. g3 Bg7 3. Bg2 d5 4. Nf3 c6 5. d3 Nh6 6. c3 O-O 7. e4 dxe4 8. dxe4
Nd7 9. Be3 e5 10. h3 exf4 11. gxf4 Re8 12. Ng5 Nf5 13. Bf2 h6 14. O-O hxg5 15.
exf5 gxf4 16. fxg6 fxg6 17. Qg4 Rf8 18. Bd4 Ne5 19. Qd1 f3 20. Bxe5 Qxd1 21.
Rxd1 Bxe5 22. Bf1 Be6 23. Nd2 f2+ 24. Kh1 Rf4 25. Bg2 Raf8 26. Nf1 Kg7 27. Rd3
Bc7 28. Re3 Bc8 29. Rd1 R8f7 30. Rd4 Rxd4 31. cxd4 Bb6 32. Re8 Bd7 33. Rb8 Be6 0-1

[Event "Graz Casino Open 2014"]
[Site "Graz AUT"]
[Date "2014.02.17"]
[Round "5.13"]
[White "Schnider, Gert"]
[Black "Wegerer, Fred"]
[Result "1-0"]
[WhiteTitle "FM"]
[BlackTitle "FM"]
[WhiteElo "2378"]
[BlackElo "2140"]
[WhiteFideId "1606310"]
[BlackFideId "1601113"]
[EventDate "2014.02.14"]

1. Nf3 g6 2. d4 Bg7 3. c4 d6 4. e4 Bg4 5. Be2 Nc6 6. Be3 e5 7. d5 Bxf3 8. Bxf3
Nd4 9. O-O c5 10. dxc6 bxc6 11. c5 dxc5 12. Nd2 Nf6 13. Rc1 Qe7 14. Nb3 Nd7 15.
Bg4 Rd8 16. Bxd7+ Rxd7 17. Nxc5 Rd6 18. Bxd4 O-O 19. Qc2 exd4 20. Rfe1 Rb8 21.
Nd3 Re6 22. Nc5 Rd6 23. b3 Qh4 24. Rcd1 Re8 25. g3 Qh3 26. Nd3 g5 27. f3 Rf6 28.
Qg2 Qh5 29. Rf1 Rfe6 30. Rde1 Qg6 31. f4 f5 32. e5 Bf8 33. Rc1 a5 34. Rc4 Rd8
35. Rfc1 c5 36. Kh1 Ra6 37. Nxc5 Bxc5 38. Rxc5 Qe8 39. Qb7 Raa8 40. Rc7 Rab8 41.
Qa6 d3 42. Rd1 d2 43. Qc4+ Kh8 44. e6 Qg6 45. e7 Re8 46. Rxd2 gxf4 47. Qxf4 Qf6
48. Kg2 Kg8 49. Rf2 Qb6 50. Qc4+ Kg7 51. Rxf5 Qd6 52. Qc3+ Kg6 53. g4 Rb6 54.
Rfc5 Kf7 55. Qf3+ Kg7 56. Rg5+ Kh6 57. Rh5+ Kg7 58. Qc3+ Qf6 59. Rg5+ Kh6 60.
Qxf6+ Rxf6 61. Rxa5 Re6 62. Kf3 1-0

[Event "Graz Casino Open 2014"]
[Site "Graz AUT"]
[Date "2014.02.17"]
[Round "5.14"]
[White "Danner, Georg"]
[Black "Scholzen, Wolfgang"]
[Result "1-0"]
[WhiteTitle "IM"]
[WhiteElo "2336"]
[BlackElo "2127"]
[WhiteFideId "1600303"]
[BlackFideId "24637629"]
[EventDate "2014.02.14"]

1. d4 d5 2. Nf3 Nf6 3. c4 e6 4. Bg5 Be7 5. e3 O-O 6. Nc3 Nbd7 7. Qc2 c6 8. Rc1
Re8 9. Bd3 dxc4 10. Bxc4 Nd5 11. Bxe7 Qxe7 12. Ne4 e5 13. Ng3 exd4 14. Bxd5 Qb4+
15. Kf1 cxd5 16. Nxd4 Nf6 17. a3 Qb6 18. Qb3 Qxb3 19. Nxb3 Bd7 20. Nd4 Ne4 21.
Ke2 Rac8 22. f3 Nd6 23. b3 a5 24. Nh5 a4 25. Nf4 axb3 26. Rxc8 Rxc8 27. Rb1 Nb5
28. Rxb3 Nxd4+ 29. exd4 Bc6 30. Nd3 f6 31. Nc5 Ra8 32. Kd2 Kf7 33. Nxb7 Ra4 34.
Nd8+ 1-0

[Event "Graz Casino Open 2014"]
[Site "Graz AUT"]
[Date "2014.02.17"]
[Round "5.15"]
[White "Petschar, Kurt"]
[Black "Wallner, Dieter"]
[Result "1/2-1/2"]
[WhiteTitle "FM"]
[WhiteElo "2317"]
[BlackElo "2085"]
[WhiteFideId "1600478"]
[BlackFideId "1604619"]
[EventDate "2014.02.14"]

1. c4 c6 2. Nf3 d5 3. e3 Nf6 4. Nc3 Bf5 5. cxd5 Nxd5 6. d3 e6 7. e4 Nxc3 8. bxc3
Bg6 9. Rb1 b6 10. Ne5 Bd6 11. Nc4 Be7 12. Be2 Nd7 13. O-O O-O 14. f4 h6 15. a4
a6 16. Ne3 b5 17. f5 exf5 18. Nxf5 Bxf5 19. Rxf5 Nc5 20. axb5 axb5 21. Be3 Ne6
22. d4 Ra3 23. d5 cxd5 24. exd5 Rxc3 25. dxe6 Qxd1+ 26. Rxd1 Rxe3 27. exf7+ Rxf7
28. Rxf7 1/2-1/2

[Event "Graz Casino Open 2014"]
[Site "Graz AUT"]
[Date "2014.02.17"]
[Round "5.16"]
[White "Ernst, Michael"]
[Black "Prosviriakov, Vladimir"]
[Result "1/2-1/2"]
[BlackTitle "IM"]
[WhiteElo "2163"]
[BlackElo "2268"]
[WhiteFideId "1618393"]
[BlackFideId "2004860"]
[EventDate "2014.02.14"]

1. d4 d6 2. e4 Nf6 3. Bd3 e5 4. c3 Nc6 5. d5 Ne7 6. c4 g6 7. Nc3 Bg7 8. f3 Nd7
9. Be3 Nc5 10. Bc2 a5 11. Qd2 f5 12. g3 Ng8 13. O-O-O Nf6 14. h3 O-O 15. g4 fxe4
16. fxe4 Bd7 17. Nge2 a4 18. Ng3 a3 19. b3 b6 20. Rhf1 Qe7 21. g5 Nh5 22. Nxh5
gxh5 23. Qg2 Rf4 24. Ne2 Rxf1 25. Rxf1 Be8 26. Ng3 Bg6 27. Nf5 Qd7 28. Qe2 1/2-1/2

[Event "Graz Casino Open 2014"]
[Site "Graz AUT"]
[Date "2014.02.17"]
[Round "5.17"]
[White "Goessler, Markus"]
[Black "Spindelboeck, Gernot"]
[Result "0-1"]
[WhiteElo "2154"]
[BlackElo "2253"]
[WhiteFideId "1633260"]
[BlackFideId "1604511"]
[EventDate "2014.02.14"]

1. e4 e6 2. d4 d5 3. Nd2 Nf6 4. e5 Nfd7 5. Bd3 c5 6. c3 Nc6 7. Ne2 cxd4 8. cxd4
f6 9. Nf4 Nxd4 10. Qh5+ Ke7 11. exf6+ Nxf6 12. Ng6+ hxg6 13. Qxh8 Kf7 14. O-O
Nh5 15. Nb3 Nxb3 16. axb3 e5 17. Be3 Be6 18. Rfc1 a6 19. Rc2 Bd6 20. Qxd8 Rxd8
21. Bb6 Rd7 22. Bc5 Nf4 23. Bf1 Bf5 24. Rcc1 Kf6 25. b4 Nd3 26. Bxd3 Bxd3 27.
Ra3 e4 28. Rd1 Be5 29. Raxd3 exd3 30. b3 Bc3 31. Rxd3 d4 32. Kf1 Rd5 33. Bb6 Ke6
34. Ke2 Re5+ 35. Kf3 Kd5 36. g4 Re6 37. Bc5 a5 38. Bf8 Rf6+ 0-1

[Event "Graz Casino Open 2014"]
[Site "Graz AUT"]
[Date "2014.02.17"]
[Round "5.19"]
[White "Neuschmied, Siegfried"]
[Black "Weinberger, Simon"]
[Result "1-0"]
[WhiteTitle "FM"]
[WhiteElo "2212"]
[BlackElo "2008"]
[WhiteFideId "1602446"]
[BlackFideId "1618202"]
[EventDate "2014.02.14"]

1. d4 b6 2. e4 Bb7 3. f3 g6 4. Be3 Bg7 5. c3 d6 6. Bd3 Nd7 7. Ne2 e6 8. Na3 a6
9. Qd2 h5 10. Nc2 Qe7 11. O-O-O Bh6 12. Kb1 O-O-O 13. Nf4 Kb8 14. Rhe1 Bg7 15.
Nb4 a5 16. Nc2 Ngf6 17. Nh3 Ne8 18. Qe2 c6 19. Bg5 f6 20. Bc1 e5 21. f4 Nc7 22.
Qf2 Qf7 23. fxe5 dxe5 24. Ng5 Qe7 25. Nf3 exd4 26. cxd4 Rhe8 27. Qg3 Qf7 28. Bf4
Nf8 29. Be3 Ka7 30. Rf1 Qd7 31. Nh4 Qf7 32. Qf2 Rd7 33. Nf3 Qe7 34. Rfe1 Ba6 35.
Bc1 Bxd3 36. Rxd3 Na6 37. Rc3 Kb7 38. Na3 Qd8 39. Nc4 Ne6 40. Be3 f5 41. Nfe5
Nxd4 42. Nxd7 Qxd7 43. Bf4 Re6 44. e5 c5 45. Nd6+ Ka7 46. Rd3 Nb4 47. Rxd4 cxd4
48. Qxd4 Qa4 49. Qc4 Qc6 50. Qxe6 Qc2+ 51. Ka1 Qb1+ 52. Kxb1 1-0

[Event "Graz Casino Open 2014"]
[Site "Graz AUT"]
[Date "2014.02.17"]
[Round "5.20"]
[White "Kravanja, Georg"]
[Black "Gutmann, Alois"]
[Result "1-0"]
[WhiteElo "2184"]
[BlackElo "2050"]
[WhiteFideId "1622366"]
[BlackFideId "1614983"]
[EventDate "2014.02.14"]

1. d4 Nf6 2. c4 c5 3. d5 Ne4 4. Qc2 Qa5+ 5. Nd2 Nf6 6. e4 d6 7. Bd3 g6 8. Ne2
Na6 9. O-O Bg7 10. Nb3 Qd8 11. a3 Bd7 12. Nc3 O-O 13. f4 Nc7 14. Bd2 Rb8 15. a4
Na6 16. Nb5 Qe8 17. Kh1 Nb4 18. Bxb4 cxb4 19. a5 Ng4 20. Qe2 a6 21. N5d4 e5 22.
dxe6 fxe6 23. Qxg4 e5 24. Qg3 exd4 25. Qe1 b5 26. c5 Be6 27. Qxb4 dxc5 28. Nxc5
Qe7 29. Nxa6 Qxb4 30. Nxb4 Bc4 31. g3 Rfe8 32. e5 Bf8 33. Bxc4+ bxc4 34. Nc6
Rxb2 35. Nxd4 Rd8 36. Nf3 c3 37. a6 Bc5 38. Rfc1 c2 39. Ne1 Bd4 40. a7 Ra8 41.
Kg2 Kf7 42. Kf1 g5 43. Ke2 gxf4 44. gxf4 Ke6 45. Ra6+ Kf5 46. Rxc2 Rb3 47. Rc4
Rxa7 48. Rf6+ Ke4 49. Nc2 Rd7 50. Rd6 1-0

[Event "Graz Casino Open 2014"]
[Site "Graz AUT"]
[Date "2014.02.17"]
[Round "5.21"]
[White "Dimitriadis, Michael"]
[Black "Titz, Heimo"]
[Result "1-0"]
[BlackTitle "FM"]
[WhiteElo "2094"]
[BlackElo "2165"]
[WhiteFideId "1614908"]
[BlackFideId "1601520"]
[EventDate "2014.02.14"]

1. d4 Nf6 2. Nf3 e6 3. c4 b6 4. g3 Ba6 5. b3 Bb7 6. Bg2 Bb4+ 7. Bd2 a5 8. O-O
O-O 9. Qc2 h6 10. Nc3 d6 11. a3 Bxc3 12. Bxc3 Nbd7 13. b4 axb4 14. axb4 Be4 15.
Qb2 Qe7 16. Rxa8 Rxa8 17. Ra1 Qd8 18. Bh3 d5 19. c5 c6 20. Nd2 b5 21. Ra3 Bf5
22. Bg2 Ne4 23. Nxe4 Rxa3 24. Qxa3 Bxe4 25. f3 Bg6 26. Qa6 Qc7 27. Qa8+ Kh7 28.
Bd2 e5 29. Bc3 e4 30. Bd2 Nf6 31. Bf4 Qd7 32. Be5 exf3 33. exf3 Qe8 34. Qxe8
Nxe8 35. Bh3 f6 36. Bd6 f5 37. Be5 Nf6 38. Bxf6 gxf6 39. Kf2 Kg7 40. Ke3 Kf8 41.
Kf4 Ke7 42. Bxf5 Be8 43. h4 Bf7 44. g4 Be8 45. Ke3 Bf7 46. f4 Be8 47. g5 hxg5
48. fxg5 fxg5 49. hxg5 1-0

[Event "Graz Casino Open 2014"]
[Site "Graz AUT"]
[Date "2014.02.17"]
[Round "5.22"]
[White "Jicman, Ligia-Letitia"]
[Black "Froewis, Annika"]
[Result "1-0"]
[WhiteTitle "WIM"]
[WhiteElo "2166"]
[BlackElo "2021"]
[WhiteFideId "1201581"]
[BlackFideId "1621432"]
[EventDate "2014.02.14"]

1. e4 e5 2. Nf3 Nc6 3. Bb5 a6 4. Ba4 Nf6 5. Qe2 b5 6. Bb3 Bc5 7. c3 d6 8. d3 h6
9. Nbd2 O-O 10. h3 Re8 11. Nf1 d5 12. Ng3 Be6 13. O-O dxe4 14. dxe4 Qe7 15. Nh4
Bxb3 16. axb3 Qe6 17. b4 Bf8 18. Nhf5 Kh7 19. Ne3 Ne7 20. Ng4 Ng6 21. Qf3 Nd7
22. Rd1 Nh4 23. Qe2 Nb6 24. Be3 Nc4 25. Bc5 Be7 26. Bxe7 Rxe7 27. b3 Nd6 28. Rd5
Ng6 29. Qc2 Kh8 30. Rad1 Rd7 31. Nf5 Rad8 32. c4 h5 33. Nge3 Nf4 34. R5d2 bxc4
35. bxc4 Nxf5 36. exf5 Qc6 37. Rxd7 Rxd7 38. Rxd7 Qxd7 39. Qe4 Qd6 40. Nd5 Nxd5
41. cxd5 g5 42. Qe2 g4 43. hxg4 hxg4 44. Qxg4 f6 45. Qg6 Qe7 46. f3 Qf8 47. g4
Qe7 48. Kg2 Qf8 49. Kg3 Qe7 50. g5 fxg5 51. f6 1-0